wRoNg - ZAYN Feat. Kehlani - All Lyrics - Statistics

General Stats
  • This quiz has been taken 38 times
  • The average score is 292 of 363
Answer Stats
Answer % Correct
I
100%
(I
100%
Oh,
100%
the
100%
in
97%
not
97%
on
97%
we're
97%
wrong
97%
you
97%
you,
97%
You
97%
a
94%
for
94%
love
94%
love)
94%
my
94%
(My
94%
place
94%
your
94%
looking
91%
no
91%
no)
91%
You're
91%
you're
91%
You’re
91%
and
88%
be
88%
Don’t
88%
(Don't
88%
don't,
88%
don't
88%
Don't
88%
it
88%
it,
88%
like
88%
me
88%
me,
88%
real
85%
so
85%
So
85%
This
85%
this
85%
what
85%
'cause
82%
‘Cause
82%
doing
82%
(Doing,
82%
doing)
82%
go
82%
I'm
82%
I’m
82%
know
82%
to
82%
is
79%
just
79%
right
79%
stop
79%
stop)
79%
we
79%
baby,
76%
Baby,
76%
can
76%
on
76%
same
76%
that
76%
when
76%
are
74%
because
74%
never
74%
never,
74%
some
74%
night
71%
think
71%
who
71%
with
71%
hate
68%
not
68%
or
68%
problem
68%
see
68%
take
68%
time
68%
good
65%
loved
65%
people
65%
We’re
65%
ain't
62%
care
62%
give
62%
I’ll
62%
really
62%
thought
62%
wanna
62%
can't
59%
Feels
59%
got
59%
have
59%
it's
59%
meant
59%
off
59%
others
59%
She
59%
understood
59%
willing
59%
yeah
59%
am
56%
Clothes
56%
ever
56%
get
56%
pleaser
56%
problems,
56%
tonight
56%
way
56%
But
53%
but
53%
flight
53%
her
53%
how
53%
light
53%
only
53%
question
53%
she's
53%
soft
53%
undressing
53%
demeanor,
50%
keep
50%
likes
50%
mind
50%
Show
50%
teacher
50%
through
50%
vibe
50%
low
47%
messy
47%
than
47%
fair
44%
gotta
44%
out
44%
Seems
44%
Stories
44%
fight,
41%
Four
41%
letters
41%
Maybe
41%
naked
41%
share
41%
wetter
41%
Here
38%
probably
38%
subject
38%
shed
35%
dope
32%
treat
32%
No matching quizzes found
Score Distribution
Percent of People with Each Score
Percentile by Number Answered
Your Score History
You have not taken this quiz